<?xml version="1.0" encoding="UTF-8"?>
<record
    xmlns:xsi="http://www.w3.org/2001/XMLSchema-instance"
    xsi:schemaLocation="http://www.loc.gov/MARC21/slim http://www.loc.gov/standards/marcxml/schema/MARC21slim.xsd"
    xmlns="http://www.loc.gov/MARC21/slim">

  <leader>00792nam a22002057a 4500</leader>
  <datafield tag="999" ind1=" " ind2=" ">
    <subfield code="c">6938</subfield>
    <subfield code="d">6938</subfield>
  </datafield>
  <controlfield tag="003">OSt</controlfield>
  <controlfield tag="005">20240215170119.0</controlfield>
  <controlfield tag="008">160530s2015    sp |||||o|||| 00| 0 spa d</controlfield>
  <datafield tag="020" ind1=" " ind2=" ">
    <subfield code="a">9789877021394</subfield>
  </datafield>
  <datafield tag="040" ind1=" " ind2=" ">
    <subfield code="b">cat</subfield>
    <subfield code="c">CDMR</subfield>
  </datafield>
  <datafield tag="100" ind1="1" ind2=" ">
    <subfield code="9">4619</subfield>
    <subfield code="a">Irigaray, Fernando</subfield>
  </datafield>
  <datafield tag="245" ind1="1" ind2="0">
    <subfield code="a">Producciones transmedia de no ficci&#xF3;n</subfield>
    <subfield code="b">: an&#xE1;lisis, experiencias y tecnolog&#xED;as</subfield>
    <subfield code="c">editado por Fernando Irigaray</subfield>
  </datafield>
  <datafield tag="260" ind1=" " ind2=" ">
    <subfield code="a">Rosario (Argentina)</subfield>
    <subfield code="b">Universidad Nacional de Rosario</subfield>
    <subfield code="c">2015</subfield>
  </datafield>
  <datafield tag="300" ind1=" " ind2=" ">
    <subfield code="a">1 recurs electr&#xF2;nic (158 p.)</subfield>
  </datafield>
  <datafield tag="650" ind1="0" ind2="4">
    <subfield code="9">3080</subfield>
    <subfield code="a">Mitjans de comunicaci&#xF3; de massa</subfield>
    <subfield code="x">Innovacions tecnol&#xF2;giques</subfield>
  </datafield>
  <datafield tag="650" ind1="0" ind2="4">
    <subfield code="9">3137</subfield>
    <subfield code="a">Web 2.0</subfield>
  </datafield>
  <datafield tag="650" ind1="0" ind2="0">
    <subfield code="9">4931</subfield>
    <subfield code="a">Narrativa transm&#xE8;dia</subfield>
  </datafield>
  <datafield tag="856" ind1="0" ind2="0">
    <subfield code="u">https://omeka.periodistes.cat/items/show/356</subfield>
    <subfield code="y">Disponible en l&#xED;nia (pdf)</subfield>
    <subfield code="z">(Acc&#xE9;s lliure)</subfield>
  </datafield>
  <datafield tag="942" ind1=" " ind2=" ">
    <subfield code="c">RECURS_WEB</subfield>
    <subfield code="2">udc</subfield>
  </datafield>
  <datafield tag="952" ind1=" " ind2=" ">
    <subfield code="0">0</subfield>
    <subfield code="1">0</subfield>
    <subfield code="4">0</subfield>
    <subfield code="7">0</subfield>
    <subfield code="a">CDMR</subfield>
    <subfield code="b">CDMR</subfield>
    <subfield code="d">2016-05-30</subfield>
    <subfield code="e">Donaci&#xF3;</subfield>
    <subfield code="l">0</subfield>
    <subfield code="p">CDMR16050009</subfield>
    <subfield code="r">2016-05-30</subfield>
    <subfield code="w">2016-05-30</subfield>
    <subfield code="y">RECURS_WEB</subfield>
  </datafield>
</record>
